Diccionario de Jesús y los Evangelios
Gorde:
| Egile nagusia: | |
|---|---|
| Formatua: | Liburua |
| Hizkuntza: | gaztelania |
| Argitaratua: |
Pamplona
Verbo Divino
1995
|
| Edizioa: | 2a. ed |
| Saila: | Colección Diccionarios, 12
|
| Gaiak: | |
| Etiketak: |
Etiketa erantsi
Etiketarik gabe, Izan zaitez lehena erregistro honi etiketa jartzen!
|
MARC
| LEADER | 00000nam a2200000 a 4500 | ||
|---|---|---|---|
| 001 | UCL9669 | ||
| 003 | CL-VaPUC | ||
| 008 | 040820e19950000SP |||||||||||||||||spa|d | ||
| 020 | |a 8481690376 | ||
| 082 | 0 | 4 | |a 226.03 |b VID |2 21 |
| 100 | 0 | |a Vidal Manzanares, César |e author |9 487574 | |
| 245 | 1 | 0 | |a Diccionario de Jesús y los Evangelios |
| 250 | |a 2a. ed | ||
| 300 | |a 400 p | ||
| 942 | |c BK | ||
| 945 | |d 20040820 00:00:00 |a cmena | ||
| 260 | |a Pamplona |b Verbo Divino |c 1995 | ||
| 600 | 0 | |a Jesús |9 313614 | |
| 650 | 0 | |a Evangelios |9 314864 | |
| 650 | 0 | |a Textos sagrados |9 257605 | |
| 650 | 0 | |a Diccionarios |9 256200 | |
| 583 | |a last modification |c 20130402 09:08:43 |k Rodrigo Vera | ||
| 490 | 0 | |a Colección Diccionarios, 12 | |
| 999 | |c 310386 |d 310384 | ||
| 952 | |0 0 |1 2 |4 0 |6 226_030000000000000_VID_1995 |7 0 |8 F |9 378735 |a BIBTEO |b BIBTEO |d 2019-11-21 |i 4050010 |o 226.03 VID 1995 |p 4050010 |r 2019-11-21 |w 2019-11-21 |y BK_F |k ICR | ||